000 00380nam a2200157Ia 4500
008 210210b1939 xxu||||| |||| 00| 0 eng d
041 _aeng
082 _a320/278
100 _aJENNINGS (Ivor W)
245 _aParliament
260 _aCambridge
_bAt the University Press
_c1939
300 _axiii,548
650 _aParliament
690 _aPolitical Science
906 _a002026
999 _c118083
_d118083